000 00668nam a22001937a 4500
003 OSt
005 20251024020328.0
008 251014b |||||||| |||| 00| 0 eng d
020 _a13:978-0-7817-9283-7.
040 _aDWCL-Main lib
_cOC
082 _aCirc. 610.14 W733m 2008
100 _aWillis, Marjorie Canfield
245 _aMedical terminology :
_ba programmed learning approach to the language of healthcare
260 _aPa. :
_bLippincot Williams & Wilkins,
_cc2008.
300 _axxii, 825 pages :
_bcolored illustration ;
_c27 cm. + 1 CD-ROM.
504 _aIncludes index.
650 _21. Medicine-Terminology.
942 _2ddc
_cBK-CIRC
_e2nd ed.
_kCirc.
_n0
999 _c4887
_d4887